Catálogo

Vista normal Vista MARC

Entrada Personal Name

Número de registros utilizados en: 1

001 - CONTROL NUMBER

  • control field: 17726

003 - CONTROL NUMBER IDENTIFIER

  • control field: DLC

005 - DATE AND TIME OF LATEST TRANSACTION

  • control field: 20251124103806.0

008 - FIXED-LENGTH DATA ELEMENTS

  • fixed length control field: 030611n| acannaabn |b aaa

010 ## - LIBRARY OF CONGRESS CONTROL NUMBER

  • LC control number: n 2003047812

035 ## - SYSTEM CONTROL NUMBER

  • System control number: (OCoLC)oca06074149

040 ## - CATALOGING SOURCE

  • Original cataloging agency: DLC
  • Language of cataloging: spa
  • Transcribing agency: Mx-PuUPA
  • Modifying agency: OCoLC
  • Modifying agency: Mx-PuUPA
  • Description conventions: rda

100 1# - HEADING--PERSONAL NAME

  • Personal name: Yamawaki, Chikako,

374 ## - OCCUPATION

  • Occupation: Autor

375 ## - GENDER

  • Gender: mujer

377 ## - ASSOCIATED LANGUAGE

  • Language code: eng

400 1# - SEE FROM TRACING--PERSONAL NAME

  • Personal name: 山脇千賀子

670 ## - SOURCE DATA FOUND

  • Source citation: Yamawaki, C., Estrategias de vida de los inmigrantes asiáticos en el Perú, 2002:
  • Information found: t.p. (Chikako Yamawaki) cover flap (b. Akita Prefecture, Japan)